Sodium

Bibliographic Details
Main Author: O'Daly, Anne
Format: Book
Language:English
Published: Selangor Federal Publications 2003
Series:The elements
Subjects:
LEADER 00548cam a2200193 a 4500
001 0000137433
005 20140109090000.0
040 |a mod 
041 |a eng 
020 |a 9835808120 
090 0 0 |a 546  |b ODA  |e 2003 
100 1 |a O'Daly, Anne 
245 1 0 |a Sodium  |c Anne O'Daly 
260 |a Selangor  |b Federal Publications  |c 2003 
300 |a 32 p.  |b col. ill.  |c 26 cm 
490 0 |a The elements 
650 0 0 |a Sodium  |x Juvenile literature 
852 0 0 |a 01 
999 |a B000025327  |b KDSI TG PENGELIH  |d BOOKS  |e Koleksi Kanak-kanak (K)  |f KD SULTAN ISMAIL  |j AVAILABLE  |q GOOD CONDITION